000 00428nam a2200157 a 4500
001 000032179
005 20240301140759.0
008 110713s19uu dr 000 p spa d
040 _aDO-SdBNP
_bspa
_cBNPHU
082 _axxxx
_bA992c
100 1 _aAzar García, Aquiles,
_d1932
_96476
245 1 0 _aCinco manifiestos /
_cAquiles Azar García.
260 _a[Santo Domingo,
_c19--?].
300 _a24 p. ;
_c18 cm.
049 _aBNPD
999 _c31670
_d31670